| 000 | 01570cam a22003734a 4500 | ||
|---|---|---|---|
| 001 | 17280247 | ||
| 003 | ARRUPE | ||
| 005 | 20150716165750.0 | ||
| 008 | 120501s2012 nyua b 001 0beng | ||
| 010 | _a 2012017940 | ||
| 020 | _a9780199933761 | ||
| 020 | _a0199933766 | ||
| 035 | _a(OCoLC)ocn793726592 | ||
| 040 |
_aDLC _beng _cDLC _dYDX _dBTCTA _dYDXCP _dERASA _dOCLCO _dBDX _dBKL _dORX _dVP@ _dDLC |
||
| 042 | _apcc | ||
| 043 | _ae-gx--- | ||
| 050 | 0 | 0 |
_aML410.W1 _bM57 2012 |
| 082 | 0 | 0 |
_a782.1092 _aB _223 |
| 100 | 1 |
_aMillington, Barry. _918326 |
|
| 245 | 1 | 4 |
_aThe sorcerer of Bayreuth : _bRichard Wagner, his work, and his world / _cBarry Millington. |
| 260 |
_aNew York : _bOxford University Press, _cc2012. |
||
| 300 |
_a320 p. : _bill. (some col.) ; _c25 cm. |
||
| 504 | _aIncludes bibliographical references and index. | ||
| 600 | 1 | 0 |
_aWagner, Richard, _d1813-1883. _918327 |
| 600 | 1 | 0 |
_aWagner, Richard, _d1813-1883 _xCriticism and interpretation. _92853 |
| 650 | 0 |
_aComposers _zGermany _vBiography. _918328 |
|
| 650 | 0 |
_aOpera _y19th century. _918329 |
|
| 856 | 4 | 2 |
_3Contributor biographical information _uhttp://www.loc.gov/catdir/enhancements/fy1305/2012017940-b.html |
| 856 | 4 | 2 |
_3Publisher description _uhttp://www.loc.gov/catdir/enhancements/fy1305/2012017940-d.html |
| 856 | 4 | 1 |
_3Table of contents only _uhttp://www.loc.gov/catdir/enhancements/fy1305/2012017940-t.html |
| 906 |
_a7 _bcbc _corignew _d1 _eecip _f20 _gy-gencatlg |
||
| 942 |
_2lcc _cMONOGRAPH |
||
| 999 |
_c122977 _d122977 |
||